[Event "Karl Mala Memorial op 11th"]
[Site "Frankfurt"]
[Date "2008.06.27"]
[Round "2"]
[White "Francke, Helmut"]
[Black "Gramlich, Sebastian"]
[Result "0-1"]
[WhiteElo "1993"]
[BlackElo "2312"]
[PlyCount "60"]
[EventDate "2008.06.26"]
[EventType "swiss"]
[EventRounds "7"]
[EventCountry "GER"]
[SourceTitle "CBM 125 Extra"]
[Source "ChessBase"]
[SourceDate "2008.09.01"]
[SourceVersion "1"]
[SourceVersionDate "2008.09.01"]
[SourceQuality "1"]

1. Nf3 d5 2. g3 Nc6 3. Bg2 e5 4. d3 Be7 5. c4 d4 6. 0-0 Nf6 7. b4 Nxb4 8. Nxe5 0-0 9. a3 Na6 10. Nd2 Re8 11. Nb3 c5 12. Bd2 Bd6 13. Nf3 Bd7 14. Re1 Ba4 15. Qb1 Rb8 16. Qa2 h6 17. Rab1 b6 18. Nh4 Nc7 19. Nf5 Bf8 20. Rb2 Qc8 21. Nh4 Ne6 22. Qb1 Ng5 23. Qc1 Nh3+ 24. Kf1 Ng4 25. Nf3 Ngxf2 26. Bf4 Rb7 27. Ne5 Rbe7 28. Nf3 Bc6 29. Nbd2 Nxf4 30. gxf4 Ng4 0-1

[Event "Karl Mala Memorial op 11th"]
[Site "Frankfurt"]
[Date "2008.06.27"]
[Round "3"]
[White "Gramlich, Sebastian"]
[Black "Feicht, Arno"]
[Result "0-1"]
[WhiteElo "2312"]
[BlackElo "2107"]
[PlyCount "64"]
[EventDate "2008.06.26"]
[EventType "swiss"]
[EventRounds "7"]
[EventCountry "GER"]
[SourceTitle "CBM 125 Extra"]
[Source "ChessBase"]
[SourceDate "2008.09.01"]
[SourceVersion "1"]
[SourceVersionDate "2008.09.01"]
[SourceQuality "1"]

1. d4 Nf6 2. c4 g6 3. Nc3 Bg7 4. e4 d6 5. f3 0-0 6. Bg5 Nbd7 7. Qd2 Re8 8. Nge2 c6 9. h4 Qa5 10. h5 b5 11. hxg6 fxg6 12. cxb5 cxb5 13. b4 Qxb4 14. Rb1 Qa5 15. Rxb5 Qc7 16. e5 dxe5 17. dxe5 Nxe5 18. Nd5 Nxd5 19. Qxd5+ e6 20. Qxa8 Nd3+ 21. Kd2 Qd7 22. Nc1 Qxb5 23. Nxd3 Qxg5+ 24. f4 Qa5+ 25. Ke3 Qb6+ 26. Kd2 Rd8 27. Qe4 Bb7 28. Qc4 Ba6 29. Qe4 Qf2+ 30. Kd1 Qxa2 31. g4 Qb3+ 32. Kd2 Bb7 0-1

[Event "Rhein Main op 11th"]
[Site "Bad Homburg"]
[Date "2008.05.24"]
[Round "6"]
[White "Gramlich, Sebastian"]
[Black "Schmid, Roland"]
[Result "1-0"]
[WhiteElo "2301"]
[BlackElo "2091"]
[PlyCount "129"]
[EventDate "2008.05.21"]
[EventType "swiss"]
[EventRounds "7"]
[EventCountry "GER"]
[SourceTitle "CBM 124 Extra"]
[Source "ChessBase"]
[SourceDate "2008.07.03"]
[SourceVersion "1"]
[SourceVersionDate "2008.07.03"]
[SourceQuality "1"]

1. d4 e6 2. c4 f5 3. g3 Nf6 4. Bg2 c6 5. Nh3 Be7 6. 0-0 d6 7. Nc3 0-0 8. e4 fxe4 9. Nxe4 Qe8 10. Qc2 d5 11. Nxf6+ Bxf6 12. Be3 Nd7 13. Nf4 dxc4 14. Be4 g6 15. h4 Qf7 16. Nh3 Nb6 17. Ng5 Qg7 18. Rad1 Nd5 19. Qxc4 Nxe3 20. fxe3 Bxg5 21. Rxf8+ Qxf8 22. hxg5 Qd6 23. Kg2 Bd7 24. Rf1 Rf8 25. Rf4 Kg7 26. b4 e5 27. Rxf8 Kxf8 28. a3 Be6 29. Qf1+ Bf7 30. dxe5 Qxe5 31. Qf4 Qb2+ 32. Kf3 Qa1 33. Qd6+ Kg7 34. Qd4+ Qxd4 35. exd4 Kf8 36. Kf4 Ke7 37. Ke5 Be8 38. Bd3 Bf7 39. Be2 Bd5 40. Bg4 b6 41. Bh3 Bf3 42. Be6 Bg2 43. Bg8 Kf8 44. Bc4 Ke7 45. Ba6 b5 46. Bc8 Bd5 47. Bg4 Bg2 48. Be6 Bf1 49. d5 cxd5 50. Bxd5 Be2 51. Bb7 Bd1 52. Ba6 Ba4 53. g4 Bd1 54. Bxb5 Bxg4 55. Bc4 Bd1 56. Bb5 Bf3 57. a4 Kf7 58. a5 Kg7 59. Bd3 h6 60. Kf4 Bb7 61. gxh6+ Kxh6 62. b5 g5+ 63. Kg3 Kg7 64. a6 Bd5 65. Bf1 1-0

[Event "Hessen-ch 62nd"]
[Site "Hanau"]
[Date "2008.03.22"]
[Round "8"]
[White "Gramlich, Sebastian"]
[Black "Schaack, Harry"]
[Result "1-0"]
[WhiteElo "2312"]
[BlackElo "2269"]
[PlyCount "149"]
[EventDate "2008.03.15"]
[EventType "swiss"]
[EventRounds "9"]
[EventCountry "GER"]
[SourceTitle "CBM 123 Extra"]
[Source "ChessBase"]
[SourceDate "2008.05.06"]
[SourceVersion "1"]
[SourceVersionDate "2008.05.06"]
[SourceQuality "1"]

1. d4 Nf6 2. Bg5 g6 3. Bxf6 exf6 4. e3 b6 5. Qf3 Nc6 6. Bc4 Bb7 7. Bd5 Qe7 8. Ne2 Bg7 9. Nbc3 0-0 10. h4 Rab8 11. 0-0-0 Na5 12. h5 c6 13. Bb3 d5 14. Nf4 Nxb3+ 15. axb3 f5 16. Rh2 Rfe8 17. Rdh1 Qf6 18. hxg6 hxg6 19. Nce2 a5 20. Ng3 Kf8 21. Rh7 Qg5 22. R1h4 c5 23. Qd1 a4 24. bxa4 Ra8 25. c3 Bc6 26. Qb3 Qd8 27. Kd2 g5 28. Nxf5 gxh4 29. Rxg7 Qf6 30. g4 hxg3 31. Rxg3 Qxf5 32. Qxb6 Bxa4 33. b3 Bxb3 34. Qd6+ Re7 35. Qh6+ Ke8 36. Qc6+ Rd7 37. Qxa8+ Ke7 38. Nd3 c4 39. e4 Qh5 40. Qa3+ Rd6 41. Qa7+ Rd7 42. Qc5+ Kf6 43. Qb6+ Ke7 44. Qb4+ Kf6 45. Nc5 Qd1+ 46. Ke3 Qc1+ 47. Kf3 Qh1+ 48. Kg4 Rd8 49. Qb6+ Ke7 50. Kf4 Qh4+ 51. Ke3 Kf8 52. Qc7 Qh6+ 53. Qf4 Qxf4+ 54. Kxf4 Bc2 55. e5 Ke7 56. e6 Rh8 57. exf7 Kxf7 58. Ke5 Rh5+ 59. Kd6 Rf5 60. Nd7 Rxf2 61. Ne5+ Kf8 62. Rf3+ Rxf3 63. Nxf3 Be4 64. Ne5 Kg7 65. Nd7 Kg6 66. Nb6 Kf5 67. Nxd5 Bd3 68. Kc5 Ke4 69. Nb6 Bf1 70. Nxc4 Kd3 71. Kb4 Bg2 72. Nb6 Ke4 73. Kc5 Kf5 74. d5 Kf6 75. Kd6 1-0

[Event "Hessen-ch 62nd"]
[Site "Hanau"]
[Date "2008.03.20"]
[Round "6"]
[White "Gramlich, Sebastian"]
[Black "Zuyev, Igor"]
[Result "0-1"]
[WhiteElo "2312"]
[BlackElo "2265"]
[PlyCount "82"]
[EventDate "2008.03.15"]
[EventType "swiss"]
[EventRounds "9"]
[EventCountry "GER"]
[SourceTitle "CBM 123 Extra"]
[Source "ChessBase"]
[SourceDate "2008.05.06"]
[SourceVersion "1"]
[SourceVersionDate "2008.05.06"]
[SourceQuality "1"]

1. d4 d5 2. c4 Nc6 3. e3 e5 4. cxd5 Qxd5 5. Nc3 Bb4 6. Bd2 Bxc3 7. Bxc3 e4 8. Ne2 Nf6 9. Nf4 Qd6 10. d5 Ne7 11. Bb5+ Kf8 12. Bc4 Ng6 13. Nh5 Ne5 14. Nxf6 gxf6 15. Qd4 Bf5 16. 0-0-0 Kg7 17. Be2 c5 18. dxc6 Qxc6 19. g4 Rhd8 20. Qxd8 Rxd8 21. Rxd8 Be6 22. Rhd1 Bxa2 23. R1d6 Qc5 24. Kd2 Bc4 25. g5 Bxe2 26. gxf6+ Kg6 27. Rd5 Nf3+ 28. Kxe2 Qc4+ 29. Kd1 b5 30. Rg8+ Kh6 31. Rf5 b4 32. Be5 Qd5+ 33. Kc1 Qc6+ 34. Kd1 Qd7+ 35. Kc1 Qxf5 36. Bf4+ Kh5 37. Rg7 Qc5+ 38. Kd1 Qd5+ 39. Kc1 Qc6+ 40. Kd1 Qd7+ 41. Kc1 Qd2+ 0-1

[Event "Hessen-ch 62nd"]
[Site "Hanau"]
[Date "2008.03.18"]
[Round "4"]
[White "Gramlich, Sebastian"]
[Black "Schlamp, Robert"]
[Result "1-0"]
[WhiteElo "2312"]
[BlackElo "2333"]
[PlyCount "75"]
[EventDate "2008.03.15"]
[EventType "swiss"]
[EventRounds "9"]
[EventCountry "GER"]
[SourceTitle "CBM 123 Extra"]
[Source "ChessBase"]
[SourceDate "2008.05.06"]
[SourceVersion "1"]
[SourceVersionDate "2008.05.06"]
[SourceQuality "1"]

1. d4 Nf6 2. c4 g6 3. Nc3 Bg7 4. e4 d6 5. f3 0-0 6. Bg5 c5 7. d5 h6 8. Be3 e6 9. Qd2 exd5 10. cxd5 a6 11. a4 Kh7 12. Nge2 Nbd7 13. Ng3 Rb8 14. Be2 Qc7 15. 0-0 c4 16. a5 Nc5 17. Bxc4 Ncxe4 18. Ncxe4 Qxc4 19. Nxf6+ Bxf6 20. Ne4 Be5 21. Rac1 Qa4 22. b4 Bf5 23. Bxh6 Rfc8 24. Bf4 Rxc1 25. Rxc1 Rc8 26. Rxc8 Bxc8 27. Bxe5 dxe5 28. d6 Bd7 29. Nc5 Qc6 30. h3 Kg7 31. Kh2 f6 32. f4 e4 33. Qd4 e3 34. Ne4 e2 35. Qxf6+ Kg8 36. Qxg6+ Kf8 37. Ng5 Qd5 38. Nh7# 1-0